BSOP header

International perspectives on pastoral counseling / (Record no. 38325)

MARC details
000 -LEADER
fixed length control field 03507cam a2200313 a 4500
001 - CONTROL NUMBER
control field 50041018
003 - CONTROL NUMBER IDENTIFIER
control field OSt
005 - DATE AND TIME OF LATEST TRANSACTION
control field 20150528165900.0
008 - FIXED-LENGTH DATA ELEMENTS--GENERAL INFORMATION
fixed length control field 020524s2002 nyu b 001 0 eng
010 ## - LIBRARY OF CONGRESS CONTROL NUMBER
LC control number 2002007981
020 ## - INTERNATIONAL STANDARD BOOK NUMBER
International Standard Book Number 078901923X
020 ## - INTERNATIONAL STANDARD BOOK NUMBER
International Standard Book Number 9780789019233
020 ## - INTERNATIONAL STANDARD BOOK NUMBER
International Standard Book Number 0789019221
020 ## - INTERNATIONAL STANDARD BOOK NUMBER
International Standard Book Number 9780789019226
245 00 - TITLE STATEMENT
Title International perspectives on pastoral counseling /
Statement of responsibility, etc James Reaves Farris, editor.
260 ## - PUBLICATION, DISTRIBUTION, ETC. (IMPRINT)
Place of publication, distribution, etc Binghamton, N.Y. :
Name of publisher, distributor, etc Haworth Pastoral Press,
Date of publication, distribution, etc c2002.
300 ## - PHYSICAL DESCRIPTION
Extent xix, 343 p. ;
Dimensions 22 cm.
336 ## - CONTENT TYPE
Source rdacontent
337 ## - MEDIA TYPE
Source rdamedia
338 ## - CARRIER TYPE
Source rdacarrier
500 ## - GENERAL NOTE
General note " ... has been co-published simultaneously as American journal of pastoral counseling, volume 5, numbers (1/2), (3/4), 2002."
504 ## - BIBLIOGRAPHY, ETC. NOTE
Bibliography, etc Includes bibliographical references and index.
505 00 - FORMATTED CONTENTS NOTE
Title Preface /
Statement of responsibility Howard Clinebell --
Title Introduction /
Statement of responsibility James Reaves Farris --
Title Pastoral counseling in the Philippines : a perspective from the West /
Statement of responsibility Fred C. Gringrich --
Title Global issues of pastoral counseling /
Statement of responsibility Louise M. Meeks --
Title Cultural landscapes of pastoral counseling in Asia /
Statement of responsibility Steve Sagkwon Shim --
Title The future landscape of pastoral care and counseling in the Asia Pacific region /
Statement of responsibility Robert Solomon --
Title Pastoral counseling in Chinese cultural contexts /
Statement of responsibility Simon Yiu Chuen Lee --
Title Pastoral counseling in Indonesia /
Statement of responsibility Aart Martin van Beek --
Title Pastoral care and counselling : an Asian perspective /
Statement of responsibility Anthony Yeo --
Title Pastoral care in Latin America /
Statement of responsibility Sara Baltodano --
Title Pastoral action in the midst of a context of economic transformation and cultural apathy /
Statement of responsibility Ronaldo Sathler-Rosa --
Title Planting pastoral counseling seeds in Brazilian soil : creating and recreating models /
Statement of responsibility James Reaves Farris --
Title Journeying on the margins : moments in pastoral care and counselling, from the inner city of Pretoria /
Statement of responsibility Wilna de Beer, Stephan de Beer --
Title Complexity and simplicity in pastoral care : the case of forgiveness /
Statement of responsibility Archie Smith, Ursula Riedel-Pfaefflin --
Title Pastoral counselling in multi-cultural contexts /
Statement of responsibility Emmanuel Y. Lartey.
520 ## - SUMMARY, ETC.
Summary, etc International Perspectives on Pastoral Counseling presents perspectives on theoretical and practical aspects of pastoral care and counseling, as well as case studies and insights on how culture affects this type of ministry.This book includes: counseling models from the United States that are being adapted to the realities of urban Korean life; pastoral care and counseling in African and multicultural contexts; counseling issues arising from urban realities in Pretoria, South Africa; the state of pastoral counseling and the impact of globalization and international markets on pastoral theology in Brazil; care and counseling models from Holland and the United States that are being imported for use in Indonesia; how the realities of life in Singapore relate to pastoral care and therapeutic conversations; the needs of women and the historical development and meaning of pastoral care and counseling in the Philippines; the meaning of forgiveness from an intercultural perspective; spiritual, philosophical, and other perspectives on Chinese cultures; the pitfalls of individualistic models of pastoral care and counseling in poverty-stricken regions of Latin America; the unique challenges of delivering care and counseling in Asian-Pacific cultures--from publisher's description.
650 #0 - SUBJECT ADDED ENTRY--TOPICAL TERM
Topical term or geographic name as entry element Pastoral counseling.
700 1# - ADDED ENTRY--PERSONAL NAME
Personal name Farris, James Reaves.
730 0# - ADDED ENTRY--UNIFORM TITLE
Uniform title American journal of pastoral counseling.
942 ## - ADDED ENTRY ELEMENTS (KOHA)
Source of classification or shelving scheme Library of Congress Classification
Item type Books
Holdings
Withdrawn status Lost status Source of classification or shelving scheme Damaged status Not for loan Home library Current library Shelving location Date acquired Source of acquisition Cost, normal purchase price Inventory number Total Checkouts Full call number Barcode Date last seen Price effective from Koha item type
    Library of Congress Classification     BSOP Library BSOP Library GC 05/29/2015   2160.00 37160   BV4012.2 In8f 2001 00045260 05/29/2015 05/29/2015 Books
BSOP

Biblical Seminary of the Philippines
  All rights Reserved
  © 2024

CONTACT INFORMATION

Biblical Seminary of the Philippines,
  77-B Karuhatan Road, Valenzuela City,
  PHILIPPINES 1441
  Phone: +632 8292-6795 / 8292-6798
  Fax : +632 8292-6675
  Email: library@bsop.edu.ph